[Event "Mistrzostwa Polski Juniorów Młodszych"]
[Site "Suwałki, Poland"]
[Date "2025.04.28"]
[Round "7.21"]
[White "Malinowski, Tobiasz"]
[Black "Wasilewski, Mateusz"]
[Result "1-0"]
[WhiteElo "1653"]
[BlackElo "1678"]
[PlyCount "99"]
[EventDate "2025.??.??"]

1. d4 Nf6 2. Nf3 d5 3. c4 e6 4. Nc3 a6 5. cxd5 exd5 6. Bg5 Be6 7. Qb3 Nbd7 8. e3 Rb8 9. a4 Bd6 10. Be2 c6 11. O-O Qc7 12. Rfc1 h6 13. Bh4 Bg4 14. h3 Bxf3 15. Bxf3 g5 16. Bg3 Bxg3 17. fxg3 Qxg3 18. Qa3 h5 19. e4 g4 20. Ne2 Qc7 21. e5 gxf3 22. exf6 Nxf6 23. Qxf3 Ne4 24. Rf1 Rd8 25. Rae1 Rd7 26. Nc3 Re7 27. Nxe4 dxe4 28. Rxe4 Kf8 29. Qf6 Rg8 30. Qh6+ Rg7 31. Rxe7 Qxe7 32. Qh8+ Rg8 33. Qxh5 Qe6 34. Qc5+ Ke8 35. Kh1 Rh8 36. Qc3 Kd7 37. d5 Qe8 38. dxc6+ bxc6 39. Qd4+ Kc8 40. Qb6 Rxh3+ 41. gxh3 Qe4+ 42. Kg1 Qg6+ 43. Kf2 Qf5+ 44. Ke2 Qc2+ 45. Ke3 Qh7 46. Qxc6+ Kb8 47. Qb6+ Ka8 48. Qxa6+ Kb8 49. Qb5+ Ka8 50. Qd5+ 1-0

[Event "Mistrzostwa Polski Juniorów Młodszych"]
[Site "Suwałki, Poland"]
[Date "2025.04.28"]
[Round "7.10"]
[White "Bury, Marcel"]
[Black "Cieslar, Nikodem"]
[Result "1/2-1/2"]
[WhiteElo "1809"]
[BlackElo "1686"]
[PlyCount "142"]
[EventDate "2025.??.??"]

1. d4 d5 2. Nf3 Nf6 3. c4 e6 4. Nc3 g6 5. e3 Bg7 6. b3 O-O 7. Bb2 b6 8. Be2 Bb7 9. O-O Ne4 10. Qc2 f5 11. Nxe4 fxe4 12. Nd2 Bh6 13. Qc3 Nc6 14. Nxe4 Ne7 15. Ng3 Bg7 16. Qc2 Qd7 17. Rac1 Rf7 18. c5 c6 19. b4 b5 20. Bc3 Nf5 21. Bd3 Raf8 22. Qe2 Bh6 23. Rce1 Bg7 24. f3 Bc8 25. Bc2 Qc7 26. Nxf5 exf5 27. a4 a6 28. axb5 axb5 29. g3 Re7 30. Qg2 Qd8 31. Re2 Rfe8 32. Rfe1 Bd7 33. Bd3 Be6 34. Bb2 Bf7 35. Qf2 Qd7 36. Kh1 Kh8 37. h4 h5 38. Kh2 Rd8 39. Rd2 Rde8 40. Bf1 Kh7 41. Bg2 Qc7 42. Rde2 Qd7 43. Bh3 Qc7 44. Bg2 Qd7 45. Ra1 Bh6 46. Ra3 Qc7 47. Bc1 f4 48. gxf4 Bxf4+ 49. Kh1 Bg3 50. Qg1 Bxh4 51. f4 Bf6 52. Rea2 Qd7 53. Qd1 Qf5 54. Bd2 Bh4 55. Qf3 Be6 56. Kh2 Rf7 57. Ra6 Qb1 58. Bh3 Bf6 59. Bxe6 Rxe6 60. Ra7 Rg7 61. Rxg7+ Bxg7 62. Ra7 Qc2 63. Qg2 Qf5 64. Qh3 Qxh3+ 65. Kxh3 Kh6 66. Kh4 Bf6+ 67. Kh3 g5 68. fxg5+ Bxg5 69. Ra3 Kg6 70. Kg3 Kf5 71. Kf3 h4 1/2-1/2

[Event "Mistrzostwa Polski Juniorów Młodszych"]
[Site "Suwałki, Poland"]
[Date "2025.04.28"]
[Round "7.26"]
[White "Dorowski, Nataniel"]
[Black "Kupczyk, Jan"]
[Result "1-0"]
[WhiteElo "1621"]
[BlackElo "1524"]
[PlyCount "41"]
[EventDate "2025.??.??"]

1. d4 Nf6 2. c4 e6 3. Nf3 b6 4. g3 Bb7 5. Bg2 Bb4+ 6. Bd2 Be7 7. Nc3 O-O 8. Rc1 Ne4 9. Nxe4 Bxe4 10. Bc3 f5 11. e3 Qc8 12. O-O Qb7 13. Ne1 Bxg2 14. Nxg2 g5 15. d5 Qa6 16. b3 Bf6 17. Qh5 g4 18. Nf4 Qc8 19. h3 Qe8 20. Qxe8 Rxe8 21. Bxf6 1-0

[Event "Mistrzostwa Polski Juniorów Młodszych"]
[Site "Suwałki, Poland"]
[Date "2025.04.28"]
[Round "7.18"]
[White "Szokalo, Jan"]
[Black "Brzeski, Karol"]
[Result "1-0"]
[WhiteElo "1591"]
[BlackElo "1510"]
[PlyCount "81"]
[EventDate "2025.??.??"]

1. e4 e5 2. Nf3 Nc6 3. Bb5 a6 4. Bxc6 dxc6 5. h3 Nf6 6. O-O Be6 7. Re1 Bc5 8. c3 O-O 9. Nxe5 Bd6 10. Nf3 Bf4 11. d4 Bxc1 12. Qxc1 Re8 13. Nbd2 b5 14. Qc2 h6 15. Ne5 c5 16. d5 Qd6 17. Nef3 Bxh3 18. gxh3 Qd7 19. Kh2 g5 20. Rg1 Nh5 21. Nxg5 Qd6+ 22. Kh1 hxg5 23. Rxg5+ Ng7 24. Rag1 Qh6 25. Rxg7+ Qxg7 26. Rxg7+ Kxg7 27. Qd3 Rac8 28. c4 c6 29. d6 Re6 30. d7 Rd8 31. Qg3+ Kf8 32. Qc3 Rxd7 33. cxb5 cxb5 34. Qxc5+ Ke8 35. Qc3 Red6 36. Nf3 f6 37. e5 Rd3 38. Qc6 fxe5 39. Nxe5 R3d6 40. Qe4 Re6 41. Nxd7 1-0

[Event "Mistrzostwa Polski Juniorów Młodszych"]
[Site "Suwałki, Poland"]
[Date "2025.04.28"]
[Round "7.8"]
[White "Szeszycki, Jan"]
[Black "Pawlak, Mateusz"]
[Result "1-0"]
[WhiteElo "1875"]
[BlackElo "1604"]
[PlyCount "47"]
[EventDate "2025.??.??"]

1. e4 c5 2. c4 Nc6 3. Nc3 d6 4. g3 g6 5. Bg2 Bg7 6. Nge2 Bd7 7. O-O e6 8. d3 Nge7 9. Rb1 O-O 10. a3 Nd4 11. b4 Bc6 12. Nxd4 Bxd4 13. Ne2 e5 14. Bh6 Re8 15. Nxd4 exd4 16. Bg5 Kg7 17. Qf3 f5 18. b5 Bd7 19. exf5 gxf5 20. Qh5 Rf8 21. Qh6+ Kh8 22. Bf6+ Rxf6 23. Qxf6+ Kg8 24. Rfe1 1-0

[Event "Mistrzostwa Polski Juniorów Młodszych"]
[Site "Suwałki, Poland"]
[Date "2025.04.28"]
[Round "7.2"]
[White "Wites, Adam"]
[Black "Chmielek, Milan"]
[Result "1/2-1/2"]
[WhiteElo "1901"]
[BlackElo "1954"]
[PlyCount "74"]
[EventDate "2025.??.??"]

1. e4 e5 2. Nf3 Nc6 3. Bb5 a6 4. Ba4 Nf6 5. O-O Be7 6. Re1 b5 7. Bb3 d6 8. a4 Na5 9. axb5 axb5 10. d4 exd4 11. Nxd4 Bd7 12. Bg5 Nxb3 13. Rxa8 Qxa8 14. Nxb3 h6 15. Bh4 g5 16. Bg3 O-O 17. e5 Ne4 18. exd6 Bxd6 19. Bxd6 Nxd6 20. Re7 Qd8 21. Re1 Re8 22. Nc3 Be6 23. Nc5 Bf5 24. Rxe8+ Qxe8 25. g4 Bg6 26. Nd5 Qe5 27. Nd7 Qxb2 28. c3 Qb1 29. Qxb1 Bxb1 30. Nxc7 Kg7 31. f3 f5 32. h3 Kf7 33. Kf2 Ke7 34. Ne5 Kf6 35. Nc6 Bd3 36. Nd4 f4 37. Nd5+ Ke5 1/2-1/2

[Event "Mistrzostwa Polski Juniorów Młodszych"]
[Site "Suwałki, Poland"]
[Date "2025.04.28"]
[Round "7.7"]
[White "Zajadlak, Milosz"]
[Black "Kopacki, Aleksander"]
[Result "0-1"]
[WhiteElo "1835"]
[BlackElo "1980"]
[PlyCount "50"]
[EventDate "2025.??.??"]

1. e4 c6 2. d4 d5 3. e5 Bf5 4. h4 h6 5. g4 Be4 6. f3 Bh7 7. e6 Qd6 8. exf7+ Kxf7 9. Ne2 Nd7 10. Bh3 e5 11. g5 hxg5 12. hxg5 Bf5 13. Bg2 Rxh1+ 14. Bxh1 Re8 15. Kf2 exd4 16. Ng3 Bg6 17. Qxd4 Bxc2 18. Nc3 Qc5 19. Nge2 Qxd4+ 20. Nxd4 Bc5 21. Be3 Bxd4 22. Bxd4 c5 23. Nb5 Kg6 24. Be3 d4 25. Bf4 Bd3 0-1

[Event "Mistrzostwa Polski Juniorów Młodszych"]
[Site "Suwałki, Poland"]
[Date "2025.04.28"]
[Round "7.11"]
[White "Bednarek, Jan"]
[Black "Cichocki, Aleksander"]
[Result "1-0"]
[WhiteElo "1989"]
[BlackElo "1698"]
[PlyCount "93"]
[EventDate "2025.??.??"]

1. e4 e5 2. Nf3 Nc6 3. Bc4 Bc5 4. c3 Nf6 5. d3 a6 6. a4 d6 7. Nbd2 Ba7 8. O-O O-O 9. Re1 Be6 10. b4 Qd7 11. Bxe6 fxe6 12. Ba3 Ne7 13. d4 Ng6 14. Qb3 Kh8 15. b5 exd4 16. cxd4 Ng4 17. Rad1 e5 18. h3 Nh6 19. Nc4 Bxd4 20. Nxd4 exd4 21. b6 c5 22. e5 Qf7 23. Qc2 dxe5 24. Nxe5 Nxe5 25. Rxe5 Qf6 26. Rxc5 Qxb6 27. Rxd4 Qe6 28. Re4 Qf6 29. Bb2 Qd8 30. Rc7 Rf7 31. Rxf7 Nxf7 32. Rg4 Ng5 33. Qc3 Qd1+ 34. Kh2 Qd6+ 35. g3 Qh6 36. h4 Ne6 37. Re4 Rg8 38. f4 Qg6 39. Qe5 Nc5 40. f5 Qh6 41. Re3 Nxa4 42. Bd4 Rf8 43. Qe7 Kg8 44. Qxb7 Kh8 45. Kh3 Rg8 46. Qf7 Nb6 47. Re8 1-0

[Event "Mistrzostwa Polski Juniorów Młodszych"]
[Site "Suwałki, Poland"]
[Date "2025.04.28"]
[Round "7.16"]
[White "Machaj, Szymon"]
[Black "Radziszewski, Leon"]
[Result "0-1"]
[WhiteElo "1760"]
[BlackElo "1598"]
[PlyCount "72"]
[EventDate "2025.??.??"]

1. e4 c5 2. Nf3 e6 3. d4 cxd4 4. Nxd4 Nf6 5. Nc3 Nc6 6. Ndb5 Bb4 7. a3 Bxc3+ 8. Nxc3 d5 9. exd5 exd5 10. Bd3 O-O 11. O-O d4 12. Ne2 Bg4 13. h3 Bh5 14. f4 Bxe2 15. Qxe2 Qb6 16. Bd2 Rfe8 17. Qf2 Re7 18. b3 Rae8 19. Rae1 Nd5 20. Rxe7 Rxe7 21. Qh4 h6 22. f5 Ne5 23. Bc4 Nf6 24. Kh1 Nxc4 25. bxc4 Re2 26. Bb4 Rxc2 27. Rd1 Qc6 28. Rg1 d3 29. Qd4 Qxc4 30. Qxa7 Qd5 31. Qb8+ Kh7 32. Qf4 d2 33. Qf3 Qd4 34. Bxd2 Rxd2 35. Qxb7 Ne4 36. Qxf7 Nf2+ 0-1

[Event "Mistrzostwa Polski Juniorów Młodszych"]
[Site "Suwałki, Poland"]
[Date "2025.04.28"]
[Round "7.15"]
[White "Koch, Maciej"]
[Black "Kucewicz, Piotr"]
[Result "1-0"]
[WhiteElo "1668"]
[BlackElo "1764"]
[PlyCount "53"]
[EventDate "2025.??.??"]

1. e4 c5 2. Nf3 d6 3. d4 cxd4 4. Nxd4 Nf6 5. Nc3 a6 6. f3 e6 7. Be3 b5 8. Qd2 Bb7 9. g4 h6 10. h4 Nbd7 11. Rg1 Nc5 12. g5 Nfd7 13. O-O-O Qa5 14. Kb1 Rb8 15. g6 b4 16. Nce2 fxg6 17. Nb3 Nxb3 18. axb3 Kf7 19. Nf4 Ne5 20. Qg2 g5 21. hxg5 hxg5 22. Qxg5 Qd8 23. Qg2 Qf6 24. Be2 Be7 25. Nh3 Kg8 26. Bg5 Qg6 27. Bxe7 1-0

[Event "Mistrzostwa Polski Juniorów Młodszych"]
[Site "Suwałki, Poland"]
[Date "2025.04.28"]
[Round "7.17"]
[White "Jedlikowski, Jan"]
[Black "Perkowski, Jakub"]
[Result "0-1"]
[WhiteElo "1530"]
[BlackElo "1619"]
[PlyCount "52"]
[EventDate "2025.??.??"]

1. e4 c5 2. Nf3 d6 3. d4 cxd4 4. Qxd4 Nf6 5. Bg5 e5 6. Qd3 Be7 7. c4 O-O 8. Nc3 Nbd7 9. Bxf6 Nxf6 10. Nd5 Nxd5 11. cxd5 f5 12. exf5 Bxf5 13. Qb3 Qa5+ 14. Qc3 Qb6 15. Bc4 Bf6 16. Qb3 Qxb3 17. axb3 e4 18. Nd2 Bxb2 19. Ra2 Bd4 20. O-O a6 21. Re1 Rae8 22. Kh1 Bxf2 23. Re2 e3 24. Nf3 b5 25. Rxa6 bxc4 26. bxc4 Bd3 0-1

[Event "Mistrzostwa Polski Juniorów Młodszych"]
[Site "Suwałki, Poland"]
[Date "2025.04.28"]
[Round "7.5"]
[White "Brzezina, Pawel"]
[Black "Bilochenko, Matvii"]
[Result "1-0"]
[WhiteElo "2125"]
[BlackElo "2027"]
[PlyCount "113"]
[EventDate "2025.??.??"]

1. d4 d5 2. c4 dxc4 3. e4 b5 4. a4 c6 5. b3 Nf6 6. e5 Nd5 7. bxc4 bxc4 8. Bxc4 e6 9. Ne2 Be7 10. O-O O-O 11. Nd2 Nd7 12. Ba3 c5 13. Bxd5 exd5 14. Nf3 Ba6 15. Re1 Bxe2 16. Qxe2 Qb6 17. e6 fxe6 18. Rab1 Qc6 19. Qxe6+ Qxe6 20. Rxe6 Kf7 21. Rbe1 Rfe8 22. dxc5 h6 23. Rxe7+ Rxe7 24. Rxe7+ Kxe7 25. c6+ Ke8 26. cxd7+ Kxd7 27. h3 Rc8 28. Bb2 Rg8 29. Bd4 a6 30. Ne5+ Kd6 31. Nd3 g6 32. Bc5+ Ke6 33. Be3 g5 34. a5 Kd6 35. Nb4 Ke5 36. Bb6 Ra8 37. Kf1 Rc8 38. Ke2 Rc4 39. Nxa6 Ra4 40. Nc7 Kd6 41. Nb5+ Kc6 42. Nd4+ Kd6 43. Kd3 Ra3+ 44. Kc2 Ra4 45. Kb3 Ra1 46. Kb2 Re1 47. a6 Re8 48. a7 Rc8 49. Kb3 h5 50. Kb4 g4 51. hxg4 hxg4 52. g3 Rg8 53. Kb5 Rc8 54. Ka6 Rg8 55. Kb7 Rg7+ 56. Kc8 Rg8+ 57. Bd8 1-0

[Event "Mistrzostwa Polski Juniorów Młodszych"]
[Site "Suwałki, Poland"]
[Date "2025.04.28"]
[Round "7.4"]
[White "Markowski, Adam"]
[Black "Buklaho, Ignacy"]
[Result "1/2-1/2"]
[WhiteElo "1790"]
[BlackElo "1932"]
[PlyCount "76"]
[EventDate "2025.??.??"]

1. d4 d5 2. Nf3 Nf6 3. e3 e6 4. Bd3 Be7 5. O-O O-O 6. b3 c5 7. Bb2 b6 8. dxc5 bxc5 9. c4 Bb7 10. Qe2 Nc6 11. cxd5 exd5 12. Ba6 Bxa6 13. Qxa6 Nb4 14. Qe2 Re8 15. a3 Nc6 16. Qd3 Qb6 17. Nbd2 a5 18. Rab1 Rad8 19. Qc2 Qb8 20. h3 d4 21. exd4 Nxd4 22. Qc4 Qf4 23. Rfd1 Bd6 24. Bxd4 cxd4 25. b4 axb4 26. axb4 Bb8 27. Re1 Rxe1+ 28. Rxe1 Qd6 29. Ne5 Nd5 30. Qxd4 Qxb4 31. Qd3 Bxe5 32. Rxe5 Qd6 33. Nc4 Qd7 34. Ne3 Nf6 35. Qe2 Qd6 36. Rb5 h6 37. Qc4 Qd4 38. Qb3 Qa1+ 1/2-1/2

[Event "Mistrzostwa Polski Juniorów Młodszych"]
[Site "Suwałki, Poland"]
[Date "2025.04.28"]
[Round "7.3"]
[White "Serafin, Franciszek"]
[Black "Kopia, Julian"]
[Result "1-0"]
[WhiteElo "1955"]
[BlackElo "1814"]
[PlyCount "103"]
[EventDate "2025.??.??"]

1. d4 Nf6 2. c4 g6 3. Nc3 Bg7 4. e4 d6 5. Nf3 O-O 6. Be2 Nbd7 7. Be3 e5 8. O-O Qe7 9. Qc2 c6 10. d5 Ng4 11. Bg5 f6 12. Bd2 f5 13. Ng5 Ndf6 14. f3 Nh6 15. Rad1 f4 16. c5 cxd5 17. cxd6 Qxd6 18. exd5 Nf5 19. Bd3 Nd4 20. Qa4 Bd7 21. Qa3 Qb6 22. Kh1 h6 23. Nge4 Bf5 24. Nxf6+ Rxf6 25. Ne4 Rf7 26. Ba5 Nb5 27. Qb4 Bf8 28. Qxb5 Qxb5 29. Bxb5 Bxe4 30. fxe4 b6 31. Bc3 Bd6 32. Be2 h5 33. Rc1 Rc8 34. Bd2 Rfc7 35. Rxc7 Rxc7 36. Rc1 Rxc1+ 37. Bxc1 Kf7 38. Bd2 Ke7 39. Kg1 Bc5+ 40. Kf1 Kd6 41. Bb5 h4 42. h3 g5 43. Bc3 a5 44. Ke2 Be3 45. a4 Bc5 46. Kf3 Be3 47. b4 Bc1 48. bxa5 bxa5 49. Bxa5 Ke7 50. Bb4+ Kf7 51. d6 Be3 52. a5 1-0

[Event "Mistrzostwa Polski Juniorów Młodszych"]
[Site "Suwałki, Poland"]
[Date "2025.04.28"]
[Round "7.13"]
[White "Sucharski, Jakub"]
[Black "Wojtun, Maksymilian"]
[Result "1-0"]
[WhiteElo "1786"]
[BlackElo "1694"]
[PlyCount "131"]
[EventDate "2025.??.??"]

1. Nf3 Nf6 2. b3 g6 3. Bb2 Bg7 4. c4 d6 5. d4 O-O 6. g3 Bf5 7. Bg2 c6 8. O-O Nbd7 9. Nbd2 Ne4 10. Nh4 d5 11. Nxe4 dxe4 12. Qd2 e6 13. f3 exf3 14. exf3 Re8 15. Rfe1 Qf6 16. Rad1 Rad8 17. Qb4 b6 18. Nxf5 Qxf5 19. Qa4 Qc2 20. Bc1 Nb8 21. Be3 e5 22. d5 Qc3 23. Rc1 Qa5 24. Qxa5 bxa5 25. Bxa7 cxd5 26. Bxb8 Rxb8 27. cxd5 f5 28. Rc5 e4 29. Kf1 e3 30. f4 a4 31. d6 axb3 32. Bd5+ Kh8 33. Bxb3 Bd4 34. Rd5 Ba7 35. d7 Red8 36. Ke2 Kg7 37. Red1 Kf8 38. Rd6 Rb6 39. Rxb6 Bxb6 40. Rd6 Bc5 41. Rd5 Ba7 42. Ba4 Ke7 43. Re5+ Kd6 44. Re8 Kc7 45. Bb5 Bc5 46. Re6 Ba7 47. a4 Bd4 48. Kd3 Ba7 49. Kc4 Rb8 50. Re8 Rd8 51. Kd5 Bb6 52. Ke6 Bd4 53. Kf7 Bc5 54. a5 Bd4 55. a6 Bb6 56. Kg7 e2 57. Rxe2 Bd4+ 58. Kxh7 Rh8+ 59. Kxg6 Rg8+ 60. Kxf5 Rf8+ 61. Kg4 Bf6 62. Re8 Rf7 63. a7 Rxd7 64. Bxd7 Bh4 65. a8=Q Bxg3 66. Qc6# 1-0

[Event "Mistrzostwa Polski Juniorów Młodszych"]
[Site "Suwałki, Poland"]
[Date "2025.04.28"]
[Round "7.14"]
[White "Szuminski, Jakub"]
[Black "Kaczmarek, Piotr"]
[Result "1/2-1/2"]
[WhiteElo "1698"]
[BlackElo "1767"]
[PlyCount "91"]
[EventDate "2025.??.??"]

1. e4 c5 2. Nf3 e6 3. d4 cxd4 4. Nxd4 Nf6 5. Bd3 Be7 6. O-O a6 7. a4 b6 8. Be3 Qc7 9. Nd2 Bb7 10. c3 d5 11. Qc2 Nbd7 12. f3 Bd6 13. g3 Nc5 14. Bf2 h5 15. Rae1 dxe4 16. Nxe4 Nfxe4 17. Bxe4 Nxe4 18. fxe4 h4 19. Re3 Bc5 20. Qd3 Rd8 21. b4 Bxd4 22. cxd4 Qd6 23. d5 Qxb4 24. Qc3 Qxc3 25. Rxc3 exd5 26. Bxb6 Rd7 27. exd5 hxg3 28. hxg3 O-O 29. Rc7 Rxc7 30. Bxc7 Bxd5 31. a5 Rc8 32. Rc1 Kh7 33. Rc5 Be4 34. Bb6 Rg8 35. Re5 f5 36. g4 Rf8 37. gxf5 Bxf5 38. Re7 Kh6 39. Bd4 Rg8 40. Ra7 Bd3 41. Bxg7+ Rxg7+ 42. Rxg7 Kxg7 43. Kf2 Kf6 44. Ke3 Bg6 45. Kd4 Ke6 46. Kc3 1/2-1/2

[Event "Mistrzostwa Polski Juniorów Młodszych"]
[Site "Suwałki, Poland"]
[Date "2025.04.28"]
[Round "7.20"]
[White "Kiecana, Ignacy"]
[Black "Janeczek, Maksymilian"]
[Result "0-1"]
[WhiteElo "1744"]
[BlackElo "1748"]
[PlyCount "92"]
[EventDate "2025.??.??"]

1. e4 c5 2. Nf3 Nc6 3. d4 cxd4 4. Nxd4 g6 5. Nc3 Bg7 6. Be3 Nf6 7. Bc4 d6 8. h3 O-O 9. O-O Na5 10. Bb3 b6 11. f4 Bb7 12. e5 dxe5 13. fxe5 Nd5 14. Bxd5 Bxd5 15. Nxd5 Qxd5 16. Nf3 Rad8 17. Qe2 Nc4 18. Rad1 Qe4 19. Rde1 Nxe3 20. Qxe3 Qxc2 21. Re2 Qd3 22. Qxd3 Rxd3 23. Rc1 Rfd8 24. Rc7 R3d7 25. Rcc2 Bh6 26. e6 Rd1+ 27. Kf2 Bf4 28. exf7+ Kxf7 29. g3 Bd6 30. Ng5+ Kg8 31. Ne6 Rb8 32. Kf3 Rd3+ 33. Re3 Rxe3+ 34. Kxe3 Bxg3 35. Kf3 Bd6 36. Kg4 h6 37. Rc3 Kf7 38. Nd4 Kg8 39. Nc6 Rb7 40. Nd8 Rb8 41. Nc6 Rf8 42. h4 Rf4+ 43. Kh3 Rf2 44. Kg4 h5+ 45. Kg5 Rg2+ 46. Kh6 Bf4# 0-1

[Event "Mistrzostwa Polski Juniorów Młodszych"]
[Site "Suwałki, Poland"]
[Date "2025.04.28"]
[Round "7.25"]
[White "Pisarski, Marek"]
[Black "Guzdziol, Olaf"]
[Result "1-0"]
[WhiteElo "1594"]
[BlackElo "1601"]
[PlyCount "47"]
[EventDate "2025.??.??"]

1. e4 c5 2. Nf3 Nc6 3. d4 cxd4 4. Nxd4 d6 5. Nc3 Nf6 6. f3 a6 7. Be3 e6 8. Qd2 Be7 9. O-O-O O-O 10. Kb1 Bd7 11. g4 h5 12. gxh5 Nxh5 13. Nxc6 bxc6 14. Bh3 d5 15. Bg4 Nf6 16. e5 Nxg4 17. fxg4 c5 18. Ne2 Rb8 19. h4 Bxh4 20. g5 d4 21. Rxh4 dxe3 22. Qxd7 Qb6 23. b3 Rbd8 24. Rdh1 1-0

[Event "Mistrzostwa Polski Juniorów Młodszych"]
[Site "Suwałki, Poland"]
[Date "2025.04.28"]
[Round "7.12"]
[White "Czech, Franciszek"]
[Black "Czech, Emil"]
[Result "1-0"]
[WhiteElo "1864"]
[BlackElo "1673"]
[PlyCount "81"]
[EventDate "2025.??.??"]

1. e4 e6 2. d4 d5 3. e5 c5 4. c3 Nc6 5. Nf3 Qb6 6. a3 Nh6 7. b4 cxd4 8. cxd4 Nf5 9. Bb2 Bd7 10. Be2 Be7 11. O-O Rc8 12. Qd2 Nh4 13. Nxh4 Bxh4 14. Qf4 Be7 15. Nd2 h6 16. Qe3 O-O 17. Rac1 f6 18. exf6 Bxf6 19. Nb3 Ne7 20. Nc5 Rc7 21. Bg4 Nf5 22. Qe2 Qd6 23. Rce1 Kh8 24. Nxd7 Qxd7 25. Qxe6 Qxe6 26. Rxe6 Rc2 27. Ba1 Nxd4 28. Rxf6 Rxf6 29. Bxd4 Ra6 30. h3 Rc7 31. Re1 Rf7 32. Re8+ Kh7 33. Be6 Rf4 34. Be3 Rf6 35. Bxd5 Rfd6 36. Be4+ g6 37. Re7+ Kh8 38. Rxb7 Rxa3 39. Rxa7 Rb3 40. Bc5 Rd8 41. Bxg6 1-0

[Event "Mistrzostwa Polski Juniorów Młodszych"]
[Site "Suwałki, Poland"]
[Date "2025.04.28"]
[Round "7.6"]
[White "Mrozowski, Nikodem"]
[Black "Wolak, Jan"]
[Result "1/2-1/2"]
[WhiteElo "1984"]
[BlackElo "1782"]
[PlyCount "128"]
[EventDate "2025.??.??"]

1. d4 Nf6 2. c4 g6 3. Nc3 Bg7 4. e4 d6 5. f3 O-O 6. Bg5 Nc6 7. Nge2 a6 8. d5 Ne5 9. Nd4 c5 10. dxc6 Nxc6 11. Be3 Qb6 12. Na4 Qa5+ 13. Bd2 Qd8 14. Nxc6 bxc6 15. Be2 Rb8 16. Qc2 c5 17. Nc3 Qb6 18. b3 Bd7 19. O-O Bc6 20. Rad1 h6 21. Nd5 Nxd5 22. exd5 Bd7 23. Bd3 Bd4+ 24. Kh1 Kg7 25. Rfe1 Qd8 26. Bc3 Bxc3 27. Qxc3+ Kh7 28. Rd2 Rb7 29. f4 f5 30. Rde2 Rf7 31. Re3 Bc8 32. Qc2 Qg8 33. Qf2 Qg7 34. Qh4 Ra7 35. Be2 a5 36. a4 Rb7 37. Bf3 Rc7 38. h3 Ra7 39. g4 Rc7 40. gxf5 Bxf5 41. Bg4 Bxg4 42. Qxg4 Qf6 43. Re6 Qf5 44. Qg3 Rb7 45. Rg1 Rf6 46. Rxf6 Qxf6 47. Re1 Qf5 48. h4 Rc7 49. Re2 Rb7 50. Kg2 Rc7 51. Qf3 Rb7 52. Kg3 h5 53. Rg2 Qb1 54. Kh2 Qxb3 55. Qe4 Qb1 56. Qe6 Qf5 57. Qe3 Qf6 58. Rg5 Qb2+ 59. Rg2 Qf6 60. Rg5 Rb2+ 61. Kh1 Rb1+ 62. Kh2 Rb2+ 63. Kh1 Rb1+ 64. Kh2 Rb2+ 1/2-1/2

[Event "Mistrzostwa Polski Juniorów Młodszych"]
[Site "Suwałki, Poland"]
[Date "2025.04.28"]
[Round "7.23"]
[White "Szczukiewicz, Wojciech"]
[Black "Wiekiera, Tomasz"]
[Result "0-1"]
[WhiteElo "1615"]
[BlackElo "1613"]
[PlyCount "88"]
[EventDate "2025.??.??"]

1. e4 d5 2. exd5 Nf6 3. d4 Bg4 4. Be2 Bxe2 5. Nxe2 Qxd5 6. O-O Nc6 7. Nbc3 Qh5 8. Ng3 Qg6 9. h3 O-O-O 10. Be3 e5 11. Nce2 exd4 12. Nf4 dxe3 13. Nxg6 Rxd1 14. Nxh8 exf2+ 15. Kxf2 Rxa1 16. Rxa1 Nd8 17. Ke3 g6 18. Rf1 Bg7 19. Nxf7 Nxf7 20. Ne4 Nxe4 21. Kxe4 Nd6+ 22. Kd5 Kd7 23. c3 b6 24. Rf7+ Nxf7 25. Ke4 c6 26. g4 Ng5+ 27. Ke3 Nxh3 28. Kf3 g5 29. a4 Nf4 30. Ke4 Nh3 31. Kf3 b5 32. axb5 cxb5 33. Kg3 a5 34. Kxh3 a4 35. Kg3 b4 36. cxb4 Bxb2 37. Kf3 a3 38. Ke4 a2 39. Kf5 h6 40. Kg6 a1=Q 41. Kxh6 Ke6 42. Kxg5 Bc1+ 43. Kh5 Qh8+ 44. Kg6 Qh6# 0-1

[Event "Mistrzostwa Polski Juniorów Młodszych"]
[Site "Suwałki, Poland"]
[Date "2025.04.28"]
[Round "7.22"]
[White "Tyszka, Kacper"]
[Black "Ladon, Jeremi"]
[Result "1/2-1/2"]
[WhiteElo "1508"]
[BlackElo "1670"]
[PlyCount "68"]
[EventDate "2025.??.??"]

1. e4 e5 2. Nf3 Nc6 3. Bc4 Bc5 4. Nc3 Nf6 5. d3 d6 6. h3 h6 7. O-O g5 8. Nh2 g4 9. Nxg4 Nxg4 10. hxg4 Be6 11. Bxe6 fxe6 12. Be3 Bd4 13. Bxd4 Nxd4 14. Ne2 Qh4 15. Nxd4 exd4 16. Qf3 h5 17. Qg3 hxg4 18. Qxh4 Rxh4 19. g3 Rh5 20. Kg2 Rc5 21. Rh1 O-O-O 22. Rac1 Rb5 23. b3 Rc5 24. Rh6 Rg8 25. Rxe6 Rh5 26. c4 Rgh8 27. Rc2 Rh2+ 28. Kf1 Rh1+ 29. Ke2 Rf8 30. Rg6 Rxf2+ 31. Kxf2 Rh2+ 32. Ke1 Rxc2 33. Rxg4 Rxa2 34. Rg8+ Kd7 1/2-1/2

[Event "Mistrzostwa Polski Juniorów Młodszych"]
[Site "Suwałki, Poland"]
[Date "2025.04.28"]
[Round "7.9"]
[White "Kilarski, Kacper"]
[Black "Olejko, Wojciech"]
[Result "1/2-1/2"]
[WhiteElo "1701"]
[BlackElo "1837"]
[PlyCount "63"]
[EventDate "2025.??.??"]

1. d4 Nf6 2. c4 e6 3. Nf3 d5 4. Nc3 a6 5. c5 b6 6. cxb6 cxb6 7. Bg5 Be7 8. e3 O-O 9. Bd3 Bb7 10. O-O Nbd7 11. a4 Ne8 12. Bxe7 Qxe7 13. Qb3 Qd6 14. Rac1 f5 15. Ne2 Nef6 16. Rc2 Rfc8 17. Rfc1 h6 18. Rxc8+ Rxc8 19. Rxc8+ Bxc8 20. Qc3 Bb7 21. Ne5 g5 22. b4 Ne8 23. b5 a5 24. Nxd7 Qxd7 25. f3 Nf6 26. Bc2 Kg7 27. Qd3 Qe8 28. Qc3 Qc8 29. Qxc8 Bxc8 30. Nc1 Bb7 31. Nd3 Nd7 32. Kf2 1/2-1/2

[Event "Mistrzostwa Polski Juniorów Młodszych"]
[Site "Suwałki, Poland"]
[Date "2025.04.28"]
[Round "7.1"]
[White "Sniedziewski, Emil"]
[Black "Ejsymont, Eryk"]
[Result "0-1"]
[WhiteElo "1985"]
[BlackElo "1908"]
[PlyCount "58"]
[EventDate "2025.??.??"]

1. e4 c5 2. Nc3 e6 3. Nge2 Nc6 4. d4 cxd4 5. Nxd4 Nf6 6. Ndb5 Bb4 7. a3 Bxc3+ 8. Nxc3 d5 9. Bd3 O-O 10. O-O h6 11. h3 Re8 12. b4 Ne5 13. exd5 exd5 14. Be3 Bxh3 15. gxh3 d4 16. f4 Nxd3 17. cxd3 Rxe3 18. Ne2 Rxh3 19. Kg2 Re3 20. Ng3 Nd5 21. Rf3 Qh4 22. Qf1 Nxf4+ 23. Kg1 Rae8 24. Nf5 Qg4+ 25. Rg3 Rxg3+ 26. Nxg3 Qxg3+ 27. Kh1 Re2 28. Qxe2 Nxe2 29. Ra2 Qh3# 0-1